Research in philosophy & technology

Αποθηκεύτηκε σε:
Λεπτομέρειες βιβλιογραφικής εγγραφής
Συγγραφή απο Οργανισμό/Αρχή: Society for Philosophy & Technology (U.S.)
Άλλοι συγγραφείς: Ferre, Frederick (Επιμελητής έκδοσης)
Μορφή: Βιβλίο
Γλώσσα:English
Δημοσίευση: Greenwich, Conn. : JAI Press, 1992
Θέματα:
Ετικέτες: Προσθήκη ετικέτας
Δεν υπάρχουν, Καταχωρήστε ετικέτα πρώτοι!

MARC

LEADER 00000cam a2200000 i 4500
001 1/48347
008 040212s1992 eng d
020 |a 1-55938-456-5 
035 |l 10072234 
040 |a GR-MY-UA  |b gre  |e aacr 
041 0 |a eng 
082 0 |a 601 
245 1 0 |a Research in philosophy & technology /  |c editor: Frederick Ferre 
260 |a Greenwich, Conn. :   |b JAI Press,   |c 1992 
300 |a 364 σ.;  |c 24 εκ. 
500 |a Ετήσια περιοδική έκδοση. Σταμάτησε στον τόμο 21 
505 0 |a Technology and the environment 
650 0 0 |a Technology  |x Philosophy. 
700 1 |a Ferre, Frederick.  |4 edt 
710 2 |a Society for Philosophy & Technology (U.S.) 
740 0 2 |a Technology and the environment 
852 |a INST  |b LESVOS  |e 20040212  |h 601 RES  |p 005100008063  |q 005100008063  |t BK  |y 4  |x 20100705 
901 |a BIBL1-2004-1 
909 |a Λ  |b 108013 
970 |a ΤΖΑΦΕΡΗ  |b ΕΥΑΓΓΕΛΙΑ  |z 2004/02/12